000 00509nam a2200169Ia 4500
999 _c28568
_d28568
003 OSt
005 20260305114712.0
008 190216s9999||||xx |||||||||||||| ||und||
040 _coclc
082 _a894.812301
_bNAI/M
100 1 _aVāsudēvan Nāyar, Eṃ. Ti.,
_d1933-
_99426
245 0 _aM T Yude Thirakkathakal /
_cM T Vasudevan Nair
260 _bDc Books,
_aKottayam:
_c2005.
300 _a423p
650 _aKathakal
942 _cBK
_2ddc
_h894.812301
_iNAI/M
_k894.812301
_mNAI/M